00592nam a2200169 i 450000100060000000300090000600500170001500700030003200800410003510000310007624500720010726000510017930000220023085200320025299900170028495201210030134904ES-MaACL20230906155022.0t|030211s1956 sp ||||1| spa d1 aBonnin, Ana Inés.93028113aUn hombre, dos corbatas y un perro / cAna Inés Bonnin Armstrong. aMadrid : bInsula, c1956 (fS. Aguirre Torre) a134 p. ; c20 cm. aES-MaACLjC-10395 bR.38630 c34904d34904 00104070aATENEOMbATENEOMcSPALd2008-01-17eSCl0oC-10395p1036456r2023-02-23 00:00:00w2023-02-23yMONOGRAFIA